| 000 | 00699cam a22002171 4500 | ||
|---|---|---|---|
| 001 | ne 64001395 | ||
| 003 | DLC | ||
| 005 | 20260227111800.0 | ||
| 008 | 840112s1963 ua b 000 0 ararc | ||
| 010 | _ane 64001395 | ||
| 035 | _a(OCoLC)10294183 | ||
| 040 |
_aPrinceton Univ. Libr. _cTxU _dTxU _dDLC |
||
| 042 | _apremarc | ||
| 050 | 0 | 0 |
_aHN15 _b.K45 |
| 100 | 1 | _aKhashshāb, Aḥmad. | |
| 245 | 1 | 3 |
_aal-Irshād al-ijtimāʻī, _bal-usus al-naẓarīyah wa-al-taṭbīqāt al-ʻamalīyah. _c[taʼlīf] Aḥmad al-Khashshāb. |
| 260 |
_aal-Qāhirah, _bMaktabat al-Qāhirah al-Ḥadīthah _c[1963?] |
||
| 300 |
_a435 p. _c24 cm. |
||
| 504 | _aBibliography: p. [417]-418. | ||
| 650 | 0 | _aSocial policy. | |
| 999 |
_c47076 _d47076 |
||